000 00667 a2200205 4500
999 _c4022
_d4022
020 _a0415009138
050 0 0 _aLB2157COH 1989
100 1 _aCohen, Louis,
_d1928-
245 1 2 _aA guide to teaching practice /
_cLouis Cohen and Lawrence Manion.
250 _a3rd ed.
264 _aLondon, Angleterre :
_b Routledge,
_c1989
300 _axviii, 328 p. :
_bill.
500 _aincludes index
504 _aIncludes bibliographical references (p. [310]-319).
650 0 _aStudent teaching
650 0 _aTeachers
_xTraining of
700 1 _aManion, Lawrence.
942 _2lcc
_cBK
_h2157
_iCOH
_kLB